Informe general del estado de la ciencia, la tecnología y la innovación : (Registro nro. 26114)
[ vista simple ]
| 000 -LEADER | |
|---|---|
| fixed length control field | 01408cam a2200289 i 4500 |
| 001 - CONTROL NUMBER | |
| control field | 26114 |
| 003 - CONTROL NUMBER IDENTIFIER | |
| control field | Mx-PuUPA |
| 005 - DATE AND TIME OF LATEST TRANSACTION | |
| control field | 20201106082135.0 |
| 008 - FIXED-LENGTH DATA ELEMENTS--GENERAL INFORMATION | |
| fixed length control field | 140415s2015 mx a r 000 0 spa d |
| 040 ## - CATALOGING SOURCE | |
| Original cataloging agency | MX-PuUPA |
| Language of cataloging | spa |
| Description conventions | rda |
| Transcribing agency | Mx-PuUPA |
| Modifying agency | Mx-PuUPA |
| 041 0# - LANGUAGE CODE | |
| Language code of text/sound track or separate title | spa |
| 110 2# - MAIN ENTRY--CORPORATE NAME | |
| Corporate name or jurisdiction name as entry element | Consejo Nacional de Ciencia y Tecnología (México), |
| Relator term | autor |
| 9 (RLIN) | 6297 |
| 240 10 - UNIFORM TITLE | |
| Uniform title | Informe. |
| Language of a work | CONACYT |
| 245 10 - TITLE STATEMENT | |
| Title | Informe general del estado de la ciencia, la tecnología y la innovación : |
| Remainder of title | México 2014 / |
| Statement of responsibility, etc. | Consejo Nacional de Ciencia y Tecnología |
| 264 #1 - PRODUCTION, PUBLICATION, DISTRIBUTION, MANUFACTURE, AND COPYRIGHT NOTICE | |
| Place of production, publication, distribution, manufacture | México, D.F. : |
| Name of producer, publisher, distributor, manufacturer | Consejo Nacional de Ciencia y Tecnología, |
| Date of production, publication, distribution, manufacture, or copyright notice | 2015 |
| 300 ## - PHYSICAL DESCRIPTION | |
| Extent | 340 páginas : |
| Other physical details | gráficas ; |
| Dimensions | 27 cm |
| 336 ## - CONTENT TYPE | |
| Content type term | texto |
| Fuente | rdacontent |
| Content type code | txt |
| 337 ## - MEDIA TYPE | |
| Media type term | sin medio |
| Source | rdamedia |
| Media type code | n |
| 338 ## - CARRIER TYPE | |
| Carrier type term | volumen |
| Source | rdacarrier |
| Carrier type code | nc |
| 650 #4 - SUBJECT ADDED ENTRY--TOPICAL TERM | |
| Topical term or geographic name entry element | CONACYT |
| Geographic subdivision | México |
| Form subdivision | Informe |
| 650 #4 - SUBJECT ADDED ENTRY--TOPICAL TERM | |
| Topical term or geographic name entry element | CONACYT |
| Geographic subdivision | México |
| Form subdivision | Anuarios |
| 650 #4 - SUBJECT ADDED ENTRY--TOPICAL TERM | |
| Topical term or geographic name entry element | Desarrollo tecnológico |
| General subdivision | Estadísticas |
| Geographic subdivision | México |
| 650 #4 - SUBJECT ADDED ENTRY--TOPICAL TERM | |
| Topical term or geographic name entry element | Política científica y tecnológica |
| General subdivision | Historia |
| Geographic subdivision | México |
| Chronological subdivision | Siglo XXI |
| 776 08 - ADDITIONAL PHYSICAL FORM ENTRY | |
| Relationship information | Reproducción de (manifestación) |
| Main entry heading | Consejo Nacional de Ciencia y Tecnología (México). |
| Title | Informe general del estado de la ciencia, la tecnología y la innovación : México 2014. |
| Record control number | (Mx-PuUPA) 3666 |
| Place, publisher, and date of publication | México, D.F. : Consejo Nacional de Ciencia y Tecnología, 2015 |
| Physical description | 1 disco compacto (CD-ROM). |
| 942 ## - ADDED ENTRY ELEMENTS (KOHA) | |
| Source of classification or shelving scheme | Dewey Decimal Classification |
| Koha item type | Libro |
| Classification part | 303.480972 |
| Item part | I435 |
| Withdrawn status | Lost status | Source of classification or shelving scheme | Damaged status | Not for loan | Collection code | Home library | Current library | Shelving location | Date acquired | Source of acquisition | Total Checkouts | Full call number | Barcode | Date last seen | Price effective from | Koha item type |
|---|---|---|---|---|---|---|---|---|---|---|---|---|---|---|---|---|
| Dewey Decimal Classification | General | Biblioteca Karol Wojtyla | Biblioteca Karol Wojtyla | Sala general | 19/04/2018 | Compra | 303.480972 I435 2015 | 98270 | 05/01/2026 | 19/04/2018 | Libro |